| 000 | 00868nam a2200205 a 4500 | ||
|---|---|---|---|
| 001 | 000041494 | ||
| 005 | 20201002034935.0 | ||
| 008 | 131008s2003 sp a 000 0 spa d | ||
| 020 | _a8400081900 | ||
| 040 |
_aDO-SdBNP _bspa _cBNPHU |
||
| 082 |
_axxx _bS211i |
||
| 100 | 1 |
_aSánchez Gómez, Luis Ángel _968194 |
|
| 245 | 1 | 3 |
_aUn imperio en la vitrina : _bel colonialismo español en el Pacífico y la exposición de Filipinas de 1887 / _cLuis Ángel Sánchez Gómez. |
| 260 |
_aMadrid : _bConsejo Superior de Investigaciones Científicas, Instituto de Historia, Departamento de Historia de América, _c2003. |
||
| 300 |
_a396 p. : _bil. ; _c24 cm. |
||
| 490 | 1 |
_aTierra nueva e cielo nuevo _v48 |
|
| 500 | _aIncluye referencias bibliográficas y notas al pie de las páginas. | ||
| 504 | _aBibliografía: p. 375-396 | ||
| 830 | 0 |
_aTierra nueva e cielo nuevo _n48 _968195 |
|
| 999 |
_c40984 _d40984 |
||